00724 2200277 4500001002100000005001700021008004100038020002200079035002500101040001200126082001200138084001700150090001800167100001900185245006500204250001100269260002600280300002300306500002100329650001000350700002300360850001200383990001700395990001700412990001700429INLIS00000000001540820151103100810.0  a978-979-326-979-5 a0010-111500000000021 aYOPDYOG a611.015 a11.015 Shi M a611.015 Shi M aShinya, Hiromi aThe miracle of enzymebSelf-Healing Programc/ Hiromi Shinya aCet.15 aBandungbQanitac2011 a300 hlm.c; 19 cm. aIndeks : 287-300 aEnzim aWinny Prasetyowati aYOPDYOG a1045-PD/B.11 a1046-PD/B.11 a1047-PD/B.11